Journal of agricultural and resource economics.

Bibliographic Details
Previous Title:Western journal of agricultural economics
Uniform Title:Journal of agricultural and resource economics (Online)
Corporate Author: Western Agricultural Economics Association
Format: Journal
Language:English
Published: Bozeman, MT : Western Agricultural Economics Association, [1992-]
Subjects:
Online Availability: Check for online availability

MARC

Tag First Indicator Second Indicator Subfields
LEADER 00000cas a2200000 a 4500
001 in00002785852
005 20151202172157.0
006 m o d
007 cr |||||||||||
008 050615c19929999mtutr poo 0 0eng c
010 |a  2011234596 
019 |a 54983735  |a 232114338  |a 755374052 
022 |l 1068-5502  |y 1068-5502 
029 0 |a OCLCS  |b 37717 
029 1 |a OCLCS  |b OP-27090 
029 1 |a NZ1  |b 8733360 
029 1 |a AU@  |b 000026096376 
029 1 |a NZ1  |b 12135918 
029 1 |a AU@  |b 000043828806 
029 1 |a AU@  |b 000044921390 
029 1 |a AU@  |b 000045708288 
029 1 |a NLGGC  |b 334175828 
029 1 |a NZ1  |b 13970000 
035 |a (OCoLC)ocm60637691 
035 |a (OCoLC)60637691  |z (OCoLC)54983735  |z (OCoLC)232114338  |z (OCoLC)755374052 
040 |a OCLCS  |b eng  |c OCLCS  |d OCLCQ  |d UX0  |d NLGGC  |d EYM  |d HLS  |d OCLCE  |d HLS  |d OCLCQ  |d TXA  |d UtOrBLW 
042 |a pcc 
043 |a n-us--- 
049 |a TXAM 
050 4 |a HD1401  |b .W47 Electronic 
070 0 |a HD1750.W4 
072 0 |a E100 
082 0 4 |a 338.1/0973/05  |2 20 
084 |a 83.66  |2 bcl 
084 |a 83.65  |2 bcl 
130 0 |a Journal of agricultural and resource economics (Online) 
245 1 0 |a Journal of agricultural and resource economics. 
246 1 3 |a JARE 
264 1 |a Bozeman, MT :  |b Western Agricultural Economics Association,  |c [1992-] 
264 4 |c ©1992- 
310 |a Three no. a year,  |b 2003- 
321 |a Semiannual,  |b 1992-2002 
336 |a text  |b txt  |2 rdacontent 
337 |a computer  |b c  |2 rdamedia 
338 |a online resource  |b cr  |2 rdacarrier 
362 1 |a Began with: Vol. 17, no. 1 (July 1992). 
538 |a Mode of access: World Wide Web. 
588 |a Description based on: Vol. 17, no. 1 (July 1992); title from PDF cover (JSTOR, viewed Aug. 12, 2011). 
588 |a Latest issue consulted: Vol. 32, no. 3 (Dec. 2007) (JSTOR, viewed Aug. 12, 2011). 
500 |a Electronic resource. 
650 0 |a Agriculture  |x Economic aspects  |v Periodicals. 
650 0 |a Natural resources  |v Periodicals. 
650 0 |a Agriculture  |x Economic aspects  |z United States  |v Periodicals. 
650 0 |a Natural resources  |z United States  |v Periodicals. 
650 6 |a Agriculture  |x Aspect économique  |v Périodiques. 
650 6 |a Ressources naturelles  |v Périodiques. 
650 6 |a Agriculture  |x Aspect économique  |z États-Unis  |v Périodiques. 
650 6 |a Ressources naturelles  |z États-Unis  |v Périodiques. 
655 0 |a Electronic journals. 
710 2 |a Western Agricultural Economics Association. 
776 0 8 |i Print version:  |t Journal of agricultural and resource economics  |x 1068-5502  |w (DLC) 92656223  |w (OCoLC)26241509 
780 0 0 |t Western journal of agricultural economics  |w (DLC) 2011234597  |w (OCoLC)85448873 
948 |a cataloged  |b h  |c 2012/12/21  |d c  |e spoltoratski  |f 11:38:48 am  |g sc 
994 |a C0  |b TXA 
999 |a MARS 
999 f f |s 29eafbd8-a5da-3b25-b2b5-93a202acbb92  |i 08f1dbb0-9e30-3194-bb98-83e0cfbf72c9  |t 0 
952 f f |a Texas A&M University  |b College Station  |c Electronic Resources  |d Available Online  |t 0  |e HD1401 .W47  |g Electronic  |h Library of Congress classification 
998 f f |a HD1401 .W47  |t 0  |l Available Online